000 00438pab a2200169 454500
008 180718b2003 xxu||||| |||| 00| 0 eng d
100 _aMohanta, Basanta Kumar
245 _aA look into the indigenous metal craft technology in Orissa
260 _c2003
300 _ap.207-70.
362 _aJan-Jun
650 _aMetals - India - Orissa
650 _aMetals
700 _aSahoo, Daitari
773 _aMan in India
909 _a57490
999 _c57490
_d57490